000 00839nmm a2200265 a 4500
001 ocm000596698
003 TR-IsHL
005 20201028133108.0
008 131121s2007 tu tur
007 cr cn
020 _a9789758525959
035 _a596698
_b(N$T)
050 0 4 _aPL248.E65
_bD5 2007
090 0 4 _aPL248.E65
_bD5 2007
100 1 _aEpli, Şeyma Nur
245 1 0 _aDilim lal yüreğim konuşur
_h[electronic resource] /
_cŞeyma Nur Epli
260 _aİstanbul :
_bArı Sanat Yayınları,
_c2007
300 _a158 p.
650 4 _aDil ve Edebiyat
650 4 _aLanguage and Literature
650 0 _aTürk denemeleri
650 0 _aTurkish essay
650 7 _aLITERARY COLLECTIONS / Middle Eastern
_2bisacsh
856 4 0 _uhttp://search.ebscohost.com/login.aspx?direct=true&scope=site&db=e011xww&AN=596698
999 _c5452
_d5452